000 00482nam a2200169 i 4500
001 44741
003 ES-MaACL
005 20250811145340.0
007 t|
008 030324s1902 fr ||||1| fre d
245 0 0 _aCinquantenaire scientifique de M. Berthelot 24 novembre 1901
_b: 1851-1901.
260 _aParis :
_bGauthier-Villars,
_c1902.
300 _a28 cm.
600 1 7 _aBerthelot, Marcellin,
_d1827-1907
_2
_9125961
852 _aES-MaACL
_jF-2210
999 _c44741
_d44741